Οδός Ιπποκράτους 100
Saved in:
| Main Author: | |
|---|---|
| Format: | Book |
| Language: | Greek |
| Published: |
Αθήνα :
Φιλιππότη,
c2002.
|
| Series: | Μαρτυρίες (Φιλιππότης)
; 23 |
| Subjects: | |
| Tags: |
Add Tag
No Tags, Be the first to tag this record!
|
MARC
| LEADER | 00000cam a2200000 a 4500 | ||
|---|---|---|---|
| 001 | 1/124267 | ||
| 008 | 220131s2002####gr | ||| |||| ||gre|| | ||
| 040 | |a GR-MyUa |b gre |c GR-MyUa |e AACR2 | ||
| 041 | 0 | |a gre | |
| 082 | 7 | |a 889.35 |2 (23) | |
| 100 | 1 | |a Καιροφύλας, Γιάννης, |d 1927- | |
| 245 | 1 | 0 | |a Οδός Ιπποκράτους 100 / |c Γιάννης Καιροφύλας. |
| 260 | |a Αθήνα : |b Φιλιππότη, |c c2002. | ||
| 300 | |a 133 σ. ; |c 21 εκ. | ||
| 490 | 1 | |a (Μαρτυρίες ; |v 23) | |
| 650 | 0 | |a Greek fiction. | |
| 830 | 0 | |a Μαρτυρίες (Φιλιππότης) |v ; 23 | |
| 852 | |a INST |b LESVOS |e 20220131 |h 889.35 ΚΑΙ |p 005100063667 |q 005100063667 |t BK |y 0 | ||
| 970 | |a Καμάτσου |b Δέσποινα |z 31-01-2022 | ||